LEADER 01355nam a2200277 4500 001 000000348489 003 CaOOAMICUS 005 20211112105749.0 008 211112s2018 it a 000 u ita r 020 $a978-88-343-3064-7 040 $aSeMil$bita 100 1 $aWolf, Mayanne,$d<1947- >.$0(OLS)http://semarc/name/114994 240 10$aReader, come home :$bthe reading brain in a digital world /.$0(OLS)http://semarc/title/437890 245 10$aLettore, vieni a casa :$bil cervello che legge in un mondo digitale /$cMaryanne Wolf ; illustrazioni di Catherine Stoodley. 264 1$aMilano :$bVita e Pensiero,$c2018. 300 $a221 p. :$bill. ;$c22 cm 650 4$aSviluppo cognitivo.$0(OLS)http://semarc/subject/6209 650 4$aEra digitale - Ruolo [della] lettura.$0(OLS)http://semarc/subject/51211 650 4$aLettura - Psicologia.$0(OLS)http://semarc/subject/35253 700 1 $aStoodley, Catherine.$0(OLS)http://semarc/name/114995 850 $aSeMil 852 $aSeMil$W1$xVenegono$y1$m3X I 211$j230993$B239560$CSeMilBibl$Z2$F239560 $81 996 $6020$a978-88-343-3064-7$9(OLS)http://semarc/number/294551 996 $6245$aLettore, vieni a casa :$bil cervello che legge in un mondo digitale$9(OLS)http://semarc/title/437891 996 $6264$aMilano :$bVita e Pensiero$9(OLS)http://semarc/publisher/29642 LEADER 01381nam a2200277 i 4500 001 000000035067 003 CaOOAMICUS 005 20120303000000.0 008 120303s1986 it u000 u ita u 013 $a2802 040 $aSeMil$bita 100 1 $aBreton, Stanislas .$0(OLS)http://semarc/name/16213 240 13$aLa mystique de la Passion : S. Paul de la Croix.$0(OLS)http://semarc/title/47771 245 13$aLa mistica della Passione :$bstudio sulla dottrina spirituale di S. Paolo della Croce /$cStanislas Breton ; traduzione italiana di P. Cherubino Satriano. 260 $aPescara :$bStauròs,$c1986. 300 $a205 p. ;$c20 cm. 490 0 $aVerbum Crucis ;$vN.4 600 04$aPaolo : della Croce .$0(OLS)http://semarc/subject/4224 650 4$aSpiritualità - Storia - Sec. 18.$0(OLS)http://semarc/subject/6216 700 1 $aSatriano, Cherubino.$0(OLS)http://semarc/name/16214 830 0$aVerbum Crucis ;$vN.4.$0(OLS)http://semarc/title/10814 850 $aSeMil 852 $aSeMil$W1$xVenegono$y1$m2C III 340$j1222$B1222$CSeMilBibl$Z2$F1222 $81 961 $aOmaggio: Delpini mons. Mario 996 $6245$aLa mistica della Passione :$bstudio sulla dottrina spirituale di S. Paolo della Croce$9(OLS)http://semarc/title/47770 996 $6260$aPescara :$bStauròs$9(OLS)http://semarc/publisher/30294